Design of equilibrium stage processes (Record no. 13251)

000 -LEADER
fixed length control field 00589nam a22002171 4500
001 - CONTROL NUMBER
control field 13251
003 - CONTROL NUMBER IDENTIFIER
control field BD-DhUET
008 - FIXED-LENGTH DATA ELEMENTS--GENERAL INFORMATION
fixed length control field 740517s1963 nyua b 000 0 eng
020 ## - INTERNATIONAL STANDARD BOOK NUMBER
International Standard Book Number 070586373
040 ## - CATALOGING SOURCE
Original cataloging agency DLC
Transcribing agency OAkU
Modifying agency BD-DhUET
082 ## - DEWEY DECIMAL CLASSIFICATION NUMBER
Classification number 660.28422
Item number SMI/1963
100 1# - MAIN ENTRY--PERSONAL NAME
Personal name Smith, Buford D.
245 10 - TITLE STATEMENT
Title Design of equilibrium stage processes
250 ## - EDITION STATEMENT
Edition statement 1st ed.
260 ## - PUBLICATION, DISTRIBUTION, ETC. (IMPRINT)
Place of publication, distribution, etc. New York
Name of publisher, distributor, etc. McGraw-Hill
Date of publication, distribution, etc. 1963
300 ## - PHYSICAL DESCRIPTION
Extent 647 p.
Other physical details ill.
Dimensions 24 cm.
490 ## - SERIES STATEMENT
Series statement McGraw-Hill chemical engineering series
504 ## - BIBLIOGRAPHY, ETC. NOTE
Bibliography, etc Includes bibliographies
650 #0 - SUBJECT ADDED ENTRY--TOPICAL TERM
Topical term or geographic name as entry element Chemical equilibrium
942 ## - ADDED ENTRY ELEMENTS (KOHA)
Koha item type General Book
Holdings
Location (home branch) Piece designation (barcode) Not for loan Source of classification or shelving scheme Koha normalized classification for sorting Date acquired Koha full call number Koha date last seen Lost status Shelving location Sublocation or collection (holding branch) Copy number Damaged status Withdrawn status Koha item type Price effective from
Central Library, BUET34954  660_284220000000000_SMI_19632015-03-02660.28422/SMI/19632015-03-02 Circulation sectionCentral Library, BUET1  General Book2015-03-02
Central Library, BUET29845  660_284220000000000_SMI_19632015-03-03660.28422/SMI/19632015-03-03 Circulation sectionCentral Library, BUET2  General Book2015-03-03
Central Library, BUET29841  660_284220000000000_SMI_19632015-03-03660.28422/SMI/19632015-03-03 Circulation sectionCentral Library, BUET3  General Book2015-03-03
Central Library, BUET29847  660_284220000000000_SMI_19632015-03-03660.28422/SMI/19632015-03-03 Circulation sectionCentral Library, BUET4  General Book2015-03-03
Central Library, BUET29853  660_284220000000000_SMI_19632015-03-03660.28422/SMI/19632015-03-03 Circulation sectionCentral Library, BUET5  General Book2015-03-03
Central Library, BUET29843  660_284220000000000_SMI_19632015-03-03660.28422/SMI/19632015-03-03 Circulation sectionCentral Library, BUET6  General Book2015-03-03
Central Library, BUET29844  660_284220000000000_SMI_19632015-03-03660.28422/SMI/19632015-03-03 Circulation sectionCentral Library, BUET7  General Book2015-03-03
Central Library, BUET29840  660_284220000000000_SMI_19632015-03-03660.28422/SMI/19632015-03-03 Circulation sectionCentral Library, BUET8  General Book2015-03-03
Central Library, BUET34955  660_284220000000000_SMI_19632015-03-03660.28422/SMI/19632015-03-03 Circulation sectionCentral Library, BUET9  General Book2015-03-03
Central Library, BUET11477  660_284220000000000_SMI_19632015-05-11660.28422/SMI/19632015-05-11 Circulation sectionCentral Library, BUET10  General Book2015-05-11
Central Library, BUET29846  660_284220000000000_SMI_19632015-05-11660.28422/SMI/19632015-05-11 Circulation sectionCentral Library, BUET11  General Book2015-05-11
Central Library, BUET34953  660_284220000000000_SMI_19632015-05-11660.28422/SMI/19632015-05-11 Circulation sectionCentral Library, BUET12  General Book2015-05-11
Central Library, BUET18836  660_284220000000000_SMI_19632015-05-11660.28422/SMI/19632015-05-11 Circulation sectionCentral Library, BUET13  General Book2015-05-11
Central Library, BUET29854  660_284220000000000_SMI_19632015-05-11660.28422/SMI/19632015-05-11 Circulation sectionCentral Library, BUET14  General Book2015-05-11
Central Library, BUET29856  660_284220000000000_SMI_19632015-05-11660.28422/SMI/19632015-05-11 Circulation sectionCentral Library, BUET15  General Book2015-05-11
Central Library, BUET29848  660_284220000000000_SMI_19632015-05-19660.28422/SMI/19632015-05-19 Circulation sectionCentral Library, BUET16  General Book2015-05-19
Central Library, BUET6449  660_284220000000000_SMI_19632015-06-18660.28422/SMI/19632015-06-18 Reading sectionCentral Library, BUET17  Reading Item2015-06-18